JPLT N5 Kanji 35-67 - Statistiques

Statistiques générales
  • Ce quiz a été pris 44 fois
    37 depuis la dernière actualisation
  • Le résultat moyen est 21 sur 33
Statistiques - réponses
Kanji Traduction % Correct
Eau
100%
Montagne
100%
10
96%
Personne
93%
Petit
93%
2
89%
100
86%
8
86%
9
86%
Rivière
86%
Au-Dessus
75%
Blanc
75%
Poisson
75%
Terre (sol)
75%
Devant
71%
Langue
71%
Main
71%
Se reposer
68%
Écrire, Livre
64%
Vieux
61%
Lire
57%
Pied, Jambe
54%
Vie, Vivre, Crue
54%
10000
50%
Entendre
50%
Magasin
50%
Air, Énergie
46%
Caractère
46%
Bon marché, Paix
39%
Midi
29%
Phrase, Écriture, Texte
25%
Lune, Mois
14%
Est, Orient
4%
Aucun quiz correspondant
Distribution des résultats
% des personnes avec chaque résultat
Percentile par nombre de réponses
Votre historique - résultats
Vous n’avez pas pris ce quiz depuis la dernière actualisation